000 00524nam a2200181Ia 4500
999 _c29153
_d29153
003 OSt
005 20201231110428.0
008 190216s9999||||xx |||||||||||||| ||und||
020 _a9788124017395
040 _coclc
082 _a894.812301
_bVEL/E
100 _aVelloor, P M Mathew
_98010
245 0 _aEvergreen Mathayichan /
_cP M Mathew Velloor
260 _bCurrent Books,
_aKottayam:
_c2007.
300 _a131p
650 _aKathakal
942 _cBK
_2ddc
_h894.812301
_iVEL/E
_k894.812301
_mVEL/E